The Waffen SS ; Hitler's elite guard at war, 1939-1945 /

Bibliographic Details
Main Author: Stein, George H., 1934-
Format: Book
Language:English
Published: Ithaca, N.Y. : Cornell University Press, [1966]
Subjects:

MARC

Tag First Indicator Second Indicator Subfields
LEADER 00000cam a2200000 4500
001 in00000078035
005 20151008055120.0
008 720830s1966 nyuabc b 00010 engm
010 |a  66011049  
035 |a (OCoLC)00395669 
035 |9 AAJ2592AM 
040 |a DLC  |c WSU  |d OCL  |d SER  |d m.c.  |d TXA  |d UtOrBLW 
049 |a TXAM  |c 1 [974358], 2 [456682] 
050 0 0 |a D757.85  |b .S8 
082 0 |a 940.541343 
100 1 |a Stein, George H.,  |d 1934- 
245 1 4 |a The Waffen SS ;  |b Hitler's elite guard at war, 1939-1945 /  |c by George H. Stein. 
264 1 |a Ithaca, N.Y. :  |b Cornell University Press,  |c [1966] 
300 |a xxxiv, 330 pages :  |b illustrations, folded maps, portraits ;  |c 24 cm. 
336 |a text  |b txt  |2 rdacontent 
337 |a unmediated  |b n  |2 rdamedia 
338 |a volume  |b nc  |2 rdacarrier 
504 |a Bibliography: pages 305-313. 
610 2 0 |a Waffen-SS. 
650 0 |a World War, 1939-1945  |z Germany. 
999 |a MARS 
999 f f |s 88aa0607-856f-37e8-9f8f-641406f9e1ec  |i b0b3d901-46ce-3ff8-8cfa-d1000fba53ab  |t 0 
952 f f |p normal  |a Texas A&M University  |b College Station  |c Sterling C. Evans Library  |d Evans: Library Stacks  |t 0  |e D757.85 .S8  |h Library of Congress classification  |i unmediated -- volume  |m A14806095042 
952 f f |p ric  |a Texas A&M University  |b Rellis Campus  |c Joint Library Facility  |d Remote Storage  |t 0  |e D757.85 .S8  |h Library of Congress classification  |i unmediated -- volume  |m A14801891257 
998 f f |a D757.85 .S8  |t 0  |l Remote Storage 
998 f f |a D757.85 .S8  |t 0  |l Evans: Library Stacks